Normal view MARC view
  • Plancarte y Navarrete, Francisco,

Entry Nombre Personal

Number of records used in: 1

001 - NUMERO DE CONTROL

  • campo de control: 51496

003 - IDENTIFICADOR DE NUMERO DE CONTROL

  • campo de control: DLC

005 - FECHA Y HORA DE LA ÜLTIMA TRANSACCIÓN

  • campo de control: 20240411094042.0

008 - DATOS DE LONGITUD FIJA

  • campo de control de longitud fija: 921009n| acannaabn |a aaa c

010 ## - NÚMERO DE CONTROL DE LA BIBLIOTECA DEL CONGRESO

  • Número de control LC: no 92025106

035 ## - NUMERO DE CONTROL

  • Número de control: (OCoLC)oca03254016

040 ## - FUENTE DE CATALOGACIÓN

  • Agencia original de catalogación: ICU
  • Lenguaje de catalogación: spa
  • Agencia de transcripción: ICU
  • Agencia que lo modifica: OCoLC
  • Agencia que lo modifica: MX-MxUPN

100 1# - ENCABEZAMIENTO - NOMBRE PERSONAL

  • Nombre personal: Plancarte y Navarrete, Francisco,
  • Fechas asociadas con el nombre: 1856-1920

400 1# - VEÁSE - NOMBRE DE PERSONA

  • Personal name: Plancarte, Francisco,
  • Dates associated with a name: 1856-1920

670 ## - FUENTE EN LA QUE SE LOCALIZARON DATOS

  • Cita de la fuente: His Tamoanchán, 1911:
  • Información localizada: t.p. (Francisco Plancarte y Navarrete)

670 ## - FUENTE EN LA QUE SE LOCALIZARON DATOS

  • Cita de la fuente: OCLC data base, 10-8-92
  • Información localizada: (hdg.: Plancarte y Navarrete, Francisco Hilarión, abp., 1856-1920)

670 ## - FUENTE EN LA QUE SE LOCALIZARON DATOS

  • Cita de la fuente: Historia de Méjico, desde sus tiempos más remotos hasta nuestros días, 1902:
  • Información localizada: (ex libris de Francisco Plancarte)

902 ## - CATALOGADOR

  • Catalogador: Víctor Ruiz/110424